• 首页
  • 本馆介绍
  • 公告通知
  • 最新文献
  • 馆藏检索
  • 电子资源
  • 读者导购
  • 参考咨询
  • 我的图书馆
  • 登录
  • 详细信息显示
  • 放入我的书架
  • 预约/预借图书
  • 作者相关作品
  • 分类相关作品
  • 丛书相关作品
  • 出版社相关作品

书目信息

  • 表格格式
  • 工作单格式
  • 卡片格式
题名:
为祖国而锻炼
    
 
作者: 易萱 词 ;李群 曲
分册:  
出版信息: 北京   人民音乐出版社  1975.09
页数: 3页
开本: 26cm
丛书名:
单 册:
中图分类: J652.1
科图分类:
主题词: 外国音乐--作品 , 音乐--各国--作品
电子资源:
ISBN:
000 00629nam0 2200241 45
001 0310271598
005 20031219104120.5
010    @dCNY0.09
091    @a3026.3121
100    @a20031027d1975 km y0chiy0120 ea
101 0  @achi
105    @ag z 000yy
200 1  @a为祖国而锻炼@AWei Zu Guo Er Duan Lian@f易萱词@FYi Xuan Ci@g李群曲
210    @a北京@c人民音乐出版社@d1975.09
215    @a3页@d26cm
300    @a革命歌曲
606 0  @a外国音乐@x作品
606 0  @a音乐@y各国@x作品
690    @aJ652.1@v3
701  0 @a易萱@4词
702  0 @a李群@ALi Qun@4曲
801    @aCN@bTSTC@c20031028
905    @dJ652.1@e10@f1@b3714
    
    为祖国而锻炼/易萱词/李群曲.-北京:人民音乐出版社,1975.09
    3页;26cm
    革命歌曲
    
    ISBN :CNY0.09
    
●
相关链接 在E读中查询图书 在五车中查询图书 在当当中查询图书 在豆瓣中查询图书


正题名:为祖国而锻炼     索取号:J652.1/10         预约/预借

序号 登录号 条形码 馆藏地/架位号 状态 备注
1 0003714   001723077   密集书库/ [索取号:J652.1/10] 在馆    
唐山师范学院图书馆 欢迎您!
大连网信软件有限公司© 版权所有